"Mariáš, kopa hnoja, žolíky, až potom ďalšie kartové hry", tvrdia hráči

Bibliographic Details
Main Author: Mikulová, Eva (Author)
Corporate Author: I. košický klub priateľov mariášu (Author)
Format: Article
Language:Slovak
PhysicalDescription:1 foto
ISSN:1335-4566
Subjects:

MARC

LEADER 00000nab a2200000 a 4500
001 vtls000906493
003 SK-MaSNL
005 20260302172314.0
008 040720e20010319xo 0 slo
035 |a KE15436 
040 |a KEVKJB  |b slo  |c KEVKJB  |e AACR2 
041 0 |a slo 
044 |a xo  |c SK 
080 |a 794.4  |2 1981 
100 1 |a Mikulová, Eva  |4 aut  |9 365709 
245 1 0 |a "Mariáš, kopa hnoja, žolíky, až potom ďalšie kartové hry", tvrdia hráči 
300 |b 1 foto 
610 2 7 |a I. košický klub priateľov mariášu (Košice, Slovensko)   |2 KEVKJB  |9 878005 
650 0 7 |a kartové hry  |2 KEVKJB  |9 3318 
650 0 7 |a turnaje  |2 KEVKJB  |9 29773 
651 7 |a Košice (Slovensko)  |2 KEVKJB  |9 18694 
651 7 |a KE,  |2 KEVKJB  |9 877256 
655 7 |a periodikum  |2 snkbucl  |9 29553 
710 2 |a I. košický klub priateľov mariášu  |4 aut  |9 878006 
773 0 8 |t Košický denník Korzár  |g Roč. 4, č.65, 19.3.2001, s. 3  |x 1335-4566 
852 |a ZVYKNI  |b KIS3GCP 
999 |c 1398431  |d 1400361